| 000 | 02199nam a2200349 i 4500 | ||
|---|---|---|---|
| 001 | 000040938 | ||
| 003 | DO-SdBNP | ||
| 005 | 20231030113839.0 | ||
| 007 | ta | ||
| 008 | 130911s2012 pr c 000 0 spa d | ||
| 020 | _a9780865816213 | ||
| 040 |
_aDO-SdBNP _bspa _cBNPHU _erda |
||
| 082 | 4 |
_a759.97295 _2P659p _b22 |
|
| 245 | 0 | 0 | _aPintura puertorriqueña. |
| 264 |
_aPuerto Rico : _bICP, _c2012. |
||
| 300 |
_a485 páginas : _bilustraciones retratos ; _c27 cm. |
||
| 336 |
_2rdacontent _atexto _btxt |
||
| 337 |
_2rdamedia _asin mediación _bn |
||
| 338 |
_2rdacarrier _avolumen _bnc |
||
| 490 | 0 | _aPinturas del instituto de cultura puertorriqueña | |
| 500 | _aA la cabeza del titulo : Colección de pinturas del Instituto de Cultura Puertorriqueña | ||
| 500 | _aIncluye índice | ||
| 504 | _aBibliografía: p. 454-472 | ||
| 505 | _a Dedicatoria = Dedicatory -- Mensaje = Message / Instituto de Cultura Puertorriqueña -- Ensayos = Essays -- La obra de José Campeche en las Colecciones del Instituto de Cultura Puertorriqueña = The Work of José Campeche in the Collection of the Institute of Puerto Rican Culture / Dr. Arturo Dávila -- Francisco Oller y Cestero y el arte pictórico en su época = Francisco Oller y Cestero and the Pictorial Art of His Time / Dr. Osiris Delgado -- La Colección de pinturas del ICP: Un siglo de trayectoria artística, 1905-2004 = The Collection of Paintings of the ICP: A Century of Artistic Trajectory, 1905-2004 / Dra. Maria del Pilar González Lamela -- De lo moderno a lo contemporáneo: la Colecciones de Arte del Instituto de Cultura Puertorriqueña = From Modern to Contemporary: The Collection of the Institute of Puerto Rican Culture / Dra. Maria Elba Torres Muñoz -- Colección = Collection -- Biografías = Biographies -- Índice = Index. | ||
| 546 | _aTexto introductorio en español e inglés; entradas de catálogo en español únicamente. | ||
| 590 | _aInventariado, 2023/MFF | ||
| 650 | 4 |
_aPintura puertorriqueña _984541 |
|
| 710 | 2 |
_aInstituto de cultura puertorriqueña _94083 |
|
| 830 | 0 |
_aPinturas del instituto de cultura puertorriqueña _967366 |
|
| 910 | _aValidado. Control de calidad MFF | ||
| 942 |
_2ddc _cLBS1 |
||
| 999 |
_c40428 _d40428 |
||